[Event "ARG-ch sf U2300 Reconquista 2nd"]
[Site "Reconquista"]
[Date "2019.10.05"]
[Round "1.5"]
[White "Luppi, Lucas Genaro"]
[Black "Quiroga, Facundo Nahuel"]
[Result "0-1"]
[WhiteElo "2040"]
[BlackElo "1706"]
[PlyCount "96"]
[EventDate "2019.10.05"]
[EventType "swiss"]
[EventRounds "6"]
[EventCountry "ARG"]
[SourceTitle "EXT 2024"]
[Source "ChessBase"]
[SourceDate "2023.10.10"]
[SourceVersion "1"]
[SourceVersionDate "2023.10.10"]
[SourceQuality "1"]

1. e4 c5 2. Nf3 d6 3. d4 cxd4 4. Nxd4 Nf6 5. Nc3 g6 6. Be3 Bg7 7. f3 0-0 8. Qd2 Nc6 9. g4 Bd7 10. h4 h5 11. gxh5 Nxh5 12. 0-0-0 Qa5 13. Rg1 Rfc8 14. Rg5 Ne5 15. f4 Rxc3 16. fxe5 Rc5 17. Qxa5 Rxa5 18. e6 Rxg5 19. exd7 Rg4 20. Nb5 Rd8 21. Bh3 Rxe4 22. Bxa7 Nf6 23. Bb6 Rxd7 24. Bxd7 Nxd7 25. Bf2 Bxb2+ 26. Kxb2 Rb4+ 27. Kc3 Rxb5 28. a4 Rf5 29. Be1 Nc5 30. a5 Kf8 31. Rb1 Ke8 32. Kc4 Kd7 33. Rb6 Kc7 34. Rb1 Ne6 35. Bd2 Rc5+ 36. Kd3 Rh5 37. Rb4 Nc5+ 38. Ke2 Re5+ 39. Kf3 Nd7 40. Rf4 Nf6 41. Bc3 Re6 42. Rc4+ Kb8 43. Rf4 Nd5 44. Rc4 Nxc3 45. Rxc3 Re5 46. Ra3 Ka7 47. Kf4 Ka6 48. Rc3 Kxa5 0-1

[Event "Santa Fe IRT Club Espanol C"]
[Site "Santa Fe"]
[Date "2015.12.19"]
[Round "4.4"]
[White "Luppi, Lucas Genaro"]
[Black "Algaranas, Francisco"]
[Result "1/2-1/2"]
[WhiteElo "1795"]
[BlackElo "1777"]
[PlyCount "110"]
[EventDate "2015.12.16"]
[EventType "tourn"]
[EventRounds "7"]
[EventCountry "ARG"]
[SourceTitle "EXT 2024"]
[Source "ChessBase"]
[SourceDate "2023.10.10"]
[SourceVersion "1"]
[SourceVersionDate "2023.10.10"]
[SourceQuality "1"]

1. e4 c5 2. Nf3 d6 3. d4 cxd4 4. Nxd4 Nf6 5. Nc3 a6 6. Be2 e5 7. Nb3 Be7 8. Bg5 Be6 9. Bxf6 Bxf6 10. Qd3 Nc6 11. 0-0-0 Bxb3 12. cxb3 Nd4 13. Kb1 Rc8 14. Bg4 Rc6 15. Ne2 Nc2 16. a3 Qb6 17. Rc1 Nd4 18. Nxd4 exd4 19. Rxc6 bxc6 20. Bc8 a5 21. Qa6 Qxa6 22. Bxa6 Bg5 23. Rd1 c5 24. Kc2 Ke7 25. Kd3 Rb8 26. Kc4 Bf6 27. Rd3 Ke6 28. Bb5 g6 29. Bc6 Bg5 30. Rd1 Bf6 31. Bd5+ Kd7 32. Rd3 Bg5 33. f4 Bf6 34. g4 g5 35. fxg5 Bxg5 36. Rf3 f6 37. h4 Bh6 38. g5 Bg7 39. h5 h6 40. g6 Rb6 41. b4 axb4 42. Rb3 Kc7 43. axb4 Rxb4+ 44. Kd3 Rxb3+ 45. Bxb3 Kc6 46. Bc4 Kd7 47. Bd5 Ke7 48. b3 f5 49. exf5 Kf6 50. Ke4 Kg5 51. Bf7 d3 52. Bc4 d2 53. Be2 Kf6 54. Bf3 Ke7 55. Kd5 Be5 1/2-1/2

[Event "Santa Fe IRT Club Espanol C"]
[Site "Santa Fe"]
[Date "2015.12.18"]
[Round "3.1"]
[White "Luppi, Lucas Genaro"]
[Black "Martinez, Francisco"]
[Result "1/2-1/2"]
[WhiteElo "1795"]
[BlackElo "1606"]
[PlyCount "39"]
[EventDate "2015.12.16"]
[EventType "tourn"]
[EventRounds "7"]
[EventCountry "ARG"]
[SourceTitle "EXT 2024"]
[Source "ChessBase"]
[SourceDate "2023.10.10"]
[SourceVersion "1"]
[SourceVersionDate "2023.10.10"]
[SourceQuality "1"]

1. e4 d5 2. exd5 Qxd5 3. Nc3 Qa5 4. d4 Nf6 5. Nf3 c6 6. Bc4 Bf5 7. Bd2 e6 8. Nd5 Qd8 9. Nxf6+ gxf6 10. Bb3 Nd7 11. Qe2 Qc7 12. Nh4 Bg6 13. Nxg6 hxg6 14. h3 0-0-0 15. 0-0-0 Bd6 16. Qf3 Rh5 17. g4 Rh4 18. Kb1 Rdh8 19. Be3 Kb8 20. c4 1/2-1/2

[Event "ARG-ch U16 sf"]
[Site "La Falda"]
[Date "2015.03.21"]
[Round "3"]
[White "Tomas Falcon, Jesus"]
[Black "Luppi, Lucas Genaro"]
[Result "1-0"]
[WhiteElo "2203"]
[BlackElo "1815"]
[PlyCount "55"]
[EventDate "2015.03.19"]
[EventType "swiss"]
[EventRounds "9"]
[EventCountry "ARG"]
[SourceTitle "EXT 2016"]
[Source "ChessBase"]
[SourceDate "2015.10.08"]
[SourceVersion "1"]
[SourceVersionDate "2015.10.08"]
[SourceQuality "1"]

1. e4 e5 2. Nf3 Nc6 3. Bc4 Nf6 4. Ng5 d5 5. exd5 Na5 6. Bb5+ c6 7. dxc6 bxc6 8. Be2 h6 9. Nf3 e4 10. Ne5 Qd4 11. Ng4 Bxg4 12. Bxg4 e3 13. Bf3 exf2+ 14. Kf1 0-0-0 15. c3 Qb6 16. d4 Bc5 17. Qc2 Rhe8 18. Qf5+ Kb7 19. dxc5 Qa6+ 20. Kxf2 Nb3 21. axb3 Qxa1 22. Na3 Re7 23. c4 Rd2+ 24. Bxd2 Qxh1 25. Nb5 Nd7 26. Bxc6+ Kc8 27. Bxd7+ Rxd7 28. c6 1-0

[Event "ARG-ch U16 sf"]
[Site "La Falda"]
[Date "2015.03.20"]
[Round "2"]
[White "Luppi, Lucas Genaro"]
[Black "Perez Aguado, Max Sergio"]
[Result "1-0"]
[WhiteElo "1815"]
[BlackElo "2042"]
[PlyCount "111"]
[EventDate "2015.03.19"]
[EventType "swiss"]
[EventRounds "9"]
[EventCountry "ARG"]
[SourceTitle "EXT 2016"]
[Source "ChessBase"]
[SourceDate "2015.10.08"]
[SourceVersion "1"]
[SourceVersionDate "2015.10.08"]
[SourceQuality "1"]

1. e4 e5 2. Nf3 Nc6 3. Bb5 a6 4. Bxc6 dxc6 5. 0-0 Bg4 6. h3 h5 7. d3 Qf6 8. Nbd2 Ne7 9. Re1 Bxf3 10. Qxf3 Qe6 11. Nb3 f6 12. Be3 Ng6 13. Rad1 0-0-0 14. d4 Be7 15. c4 exd4 16. Nxd4 Qe5 17. Qf5+ Qxf5 18. Nxf5 Bb4 19. Rxd8+ Rxd8 20. Rb1 Bf8 21. Kf1 Ne5 22. b3 g6 23. Nh4 g5 24. Nf5 Nf7 25. Bd4 Ne5 26. Bxe5 fxe5 27. Ke2 b5 28. Rd1 Rxd1 29. Kxd1 Kb7 30. Ng3 h4 31. Nf5 Kc8 32. g3 hxg3 33. fxg3 Kd7 34. Ke2 Ke6 35. Kf3 Kf6 36. h4 gxh4 37. gxh4 Kg6 38. Kg4 Bc5 39. h5+ Kf6 40. h6 Kg6 41. a4 Bb4 42. Nh4+ Kxh6 43. Kf5 bxa4 44. bxa4 Bd6 45. Nf3 Kg7 46. Nxe5 Bxe5 47. Kxe5 Kf7 48. a5 Ke7 49. Kf5 Kf7 50. e5 Ke7 51. e6 c5 52. Ke5 c6 53. Kf5 Ke8 54. Ke4 Kf8 55. Kf4 Ke8 56. Kf5 1-0